<?xml version="1.0" encoding="UTF-8"?>
<marc:record xmlns:marc="http://www.loc.gov/MARC21/slim">
   <marc:leader>00000nam a2200000 a 4500</marc:leader>
   <marc:datafield ind1="1" ind2=" " tag="100">
      <marc:subfield code="a">Mordhorst, Ute</marc:subfield>
      <marc:subfield code="4">aut</marc:subfield>
      <marc:subfield code="e">Verfasser/-in</marc:subfield>
   </marc:datafield>
   <marc:datafield ind1=" " ind2=" " tag="653">
      <marc:subfield code="a">Softcover / Ratgeber/Lebenshilfe</marc:subfield>
   </marc:datafield>
   <marc:datafield ind1=" " ind2=" " tag="653">
      <marc:subfield code="a">Alltag/Lebensführung</marc:subfield>
   </marc:datafield>
   <marc:datafield ind1=" " ind2=" " tag="653">
      <marc:subfield code="a">Persönliche Entwicklung</marc:subfield>
   </marc:datafield>
   <marc:datafield ind1=" " ind2=" " tag="653">
      <marc:subfield code="a">Erlebnisbericht</marc:subfield>
   </marc:datafield>
   <marc:datafield ind1="0" ind2="0" tag="245">
      <marc:subfield code="a">Und immer stark sein</marc:subfield>
   </marc:datafield>
   <marc:datafield ind1="0" ind2="0" tag="245">
      <marc:subfield code="b">die Geschichten unserer Mütter</marc:subfield>
   </marc:datafield>
   <marc:datafield ind1="0" ind2="0" tag="245">
      <marc:subfield code="c">Ute Elisabeth Mordhorst</marc:subfield>
   </marc:datafield>
   <marc:datafield ind1=" " ind2="1" tag="264">
      <marc:subfield code="a">Freiburg, Br.</marc:subfield>
      <marc:subfield code="b">Herder</marc:subfield>
      <marc:subfield code="c">2014</marc:subfield>
   </marc:datafield>
   <marc:datafield ind1="1" ind2=" " tag="520">
      <marc:subfield code="a">Angaben aus der Verlagsmeldung

Und immer stark sein : Die Geschichten unserer Mütter / von Ute Elisabeth Mordhorst

Dieses Buch ist eine Würdigung der Frauen, die zwischen den Kriegen geboren sind und heute auf ein langes Leben zurückschauen. Viele von ihnen haben mit eigenen Händen die Trümmer des Krieges beseitigt, haben dieses Land in körperlicher und emotionaler Schwerstarbeit wieder aufgebaut, weit über die Nachkriegsjahre hinaus. Orden haben sie dafür nie bekommen, weder für ihre Kriegsverletzungen, noch für ihre ganz alltäglichen Heldentaten. Eine solche Auszeichnung will dieses Buch nachholen.
Ute Elisabeth Mordhorst erzählt vom Lebenswillen, Erfindungsreichtum und den kleinen und großen Alltagsweisheiten ihrer Mutter - und portraitiert damit eine ganze Generation von starken Frauen: Vorkriegskindheit, als junge Frau im Krieg, Flucht und Vertreibung, Nachkriegsleben, späte Blüte. Ein Buch, das Generationen miteinander ins Gespräch bringt.
</marc:subfield>
   </marc:datafield>
   <marc:datafield ind1=" " ind2=" " tag="020">
      <marc:subfield code="a">9783451312175</marc:subfield>
      <marc:subfield code="9">9783451312175</marc:subfield>
   </marc:datafield>
   <marc:datafield ind1=" " ind2=" " tag="020">
      <marc:subfield code="a">3451312174</marc:subfield>
      <marc:subfield code="9">3451312174</marc:subfield>
   </marc:datafield>
   <marc:datafield ind1=" " ind2=" " tag="041">
      <marc:subfield code="a">ger</marc:subfield>
   </marc:datafield>
   <marc:datafield ind1=" " ind2=" " tag="300">
      <marc:subfield code="a">139 S.</marc:subfield>
   </marc:datafield>
</marc:record>
